00510nam a2200157 a 450000100100000000500170001000800410002702000180006804000250008608200160011110000300012724501060015726000360026330000210029950400320032000002820820200930031435.0110407s2010 dr 000 0 spa d a9789945163803 aDO-SdBNPbspacBNPHU axxxxbC352r1 aCastillo, Demetrio Miguel10aReflexiones controversiales para la mejora del medio ambiente dominicano /cDemetrio Miguel Castillo. aSanto Domingo :bBúho,c2010. a126 p. ;c21 cm. aBibliografía : p. 125-126